000 00232nam a22001097a 4500
082 _a515COC
100 _aCochran
245 _a Advanced engineering mathematics
260 _aCalifornia
_bBooks
_c1987
300 _a659p
942 _cBK
999 _c14792
_d14792